000 00422nam a2200145 i 4500
001 134069
003 ES-MaACL
005 20230906194606.0
007 t|
008 070905s1923 gw ||||1| ger d
100 1 _aWarneyer, Otto.
_9116117
245 1 0 _aKommentar zun Bürgerlichen Gesekbuch für das deutsche Reich /
_cvon Otto Warneyer.
260 _aTübingen :
_bS. L. B. Mohr,
_c1923.
852 _aES-MaACL
_jB-13539
999 _c134069
_d134069